000 01040nam a2200253 i 4500
001 bg
100 1 _aKAPIŃSKI, Stefan
245 1 0 _aKształtowanie elementów nadwozi samochodów /
_cStefan Kapiński.
260 _aWarszawa :
_bWydawnictwa Komunikacji i Łączności,
_c1996.
300 _a232 s. :
_bfot., rys., wykr. ;
_c24 cm.
504 _aBibliogr.
521 _aDla pracowników naukowych i studentów wydziałów mechanicznych wyższych uczelni technicznych o specjalnościach: nadwozia, technologia budowy pojazdów samochodowych, techniki wytwarzania, obróbka plastyczna i pokrewne.
650 9 _aNadwozia
_xbudowa i konstrukcje
650 9 _aSamochody
_xbudowa i konstrukcje
655 _aPodręczniki akademickie
020 _a8320611938
040 _cBPK
041 0 _apol
080 _a629.33.02:621.97/.98](075.8)
920 _a83-206-1193-8
942 _cKS
008 s pl f |000 0 pol
999 _c53462
_d53462
856 _uhttp://koha.tu.koszalin.pl/cgi-bin/koha/opac-detail.pl?biblionumber=53462
_yKatalog online BPK